[Event "Mont de Marsan op 6th"]
[Site "Mont de Marsan"]
[Date "2006.12.30"]
[Round "9"]
[White "Lehman, Denis"]
[Black "Dubos, Patricia"]
[Result "1-0"]
[WhiteElo "1770"]
[BlackElo "1350"]
[PlyCount "61"]
[EventDate "2006.12.26"]
[EventType "swiss"]
[EventRounds "9"]
[EventCountry "FRA"]
[SourceTitle "CBM 116 Extra"]
[Source "ChessBase"]
[SourceDate "2007.03.07"]
[SourceVersion "1"]
[SourceVersionDate "2007.03.07"]
[SourceQuality "1"]

1. e4 e5 2. Nf3 Nc6 3. d4 f6 4. Bc4 Bb4+ 5. c3 Ba5 6. Qb3 Qe7 7. Bxg8 exd4 8. 0-0 dxc3 9. Nxc3 Bxc3 10. bxc3 Qf8 11. Bd5 Na5 12. Qc2 c6 13. Bb3 b6 14. e5 f5 15. Re1 Qe7 16. Bg5 Qc5 17. e6 0-0 18. e7+ Nc4 19. Bxc4+ Qxc4 20. exf8Q+ Kxf8 21. Qxf5+ Qf7 22. Qxh7 Ba6 23. Qh8+ Qg8 24. Be7+ Kf7 25. Ng5+ Kg6 26. Qh4 Re8 27. Qe4+ Kh5 28. Qf5 Qd5 29. Qh7+ Kg4 30. h3+ Kf4 31. g3# 1-0

[Event "Mont de Marsan op 6th"]
[Site "Mont de Marsan"]
[Date "2006.12.27"]
[Round "3"]
[White "Lehman, Denis"]
[Black "Laporte, Pierre"]
[Result "0-1"]
[WhiteElo "1770"]
[BlackElo "1867"]
[PlyCount "69"]
[EventDate "2006.12.26"]
[EventType "swiss"]
[EventRounds "9"]
[EventCountry "FRA"]
[SourceTitle "CBM 116 Extra"]
[Source "ChessBase"]
[SourceDate "2007.03.07"]
[SourceVersion "1"]
[SourceVersionDate "2007.03.07"]
[SourceQuality "1"]

1. d4 e6 2. Bf4 d5 3. Nf3 Nf6 4. e3 Bd6 5. Bg3 0-0 6. Bd3 c5 7. c3 Nc6 8. Nbd2 b6 9. Bh4 Be7 10. Bg3 Bb7 11. Bc2 cxd4 12. cxd4 Nb4 13. 0-0 Rc8 14. Bb1 Ba6 15. Re1 Qe8 16. a3 Nd3 17. Bxd3 Bxd3 18. Ne5 Qb5 19. Qb3 Qxb3 20. Nxb3 Bf5 21. Rac1 Bc2 22. Na1 Ba4 23. b3 Bd7 24. Nxd7 Nxd7 25. b4 a5 26. bxa5 bxa5 27. a4 Nb6 28. Nb3 Nxa4 29. Nxa5 Bb4 30. Nb3 Bxe1 31. Rxe1 Rc3 32. Nc5 Nxc5 33. dxc5 Rc8 34. Bd6 e5 35. g3 0-1

[Event "Mont de Marsan op 6th"]
[Site "Mont de Marsan"]
[Date "2006.12.26"]
[Round "2"]
[White "Labarrere, Daniel"]
[Black "Lehman, Denis"]
[Result "1-0"]
[WhiteElo "1965"]
[BlackElo "1770"]
[PlyCount "95"]
[EventDate "2006.12.26"]
[EventType "swiss"]
[EventRounds "9"]
[EventCountry "FRA"]
[SourceTitle "CBM 116 Extra"]
[Source "ChessBase"]
[SourceDate "2007.03.07"]
[SourceVersion "1"]
[SourceVersionDate "2007.03.07"]
[SourceQuality "1"]

1. Nf3 d5 2. c4 c6 3. d4 g6 4. g3 Bg7 5. Bg2 Nf6 6. 0-0 0-0 7. cxd5 cxd5 8. Nc3 Nc6 9. Ne5 e6 10. f4 Ne8 11. Be3 Nd6 12. Bf2 a6 13. e4 dxe4 14. Nxe4 Bd7 15. Nxd6 Bc8 16. Nxc8 Rxc8 17. Rc1 Nxe5 18. dxe5 Rxc1 19. Qxc1 b5 20. Rd1 Qb8 21. Qe3 Qc7 22. Rc1 Qa5 23. a3 Qd8 24. Bf3 h5 25. Rd1 Qc7 26. Qc5 Qa5 27. Be4 Rb8 28. Bc2 Bf8 29. Qa7 Rc8 30. Bb3 b4 31. a4 Bc5 32. Bxc5 Rxc5 33. Qb8+ Kg7 34. Qd8 Qxd8 35. Rxd8 Rc1+ 36. Rd1 Rc5 37. Kf2 a5 38. Ke3 Rc7 39. Kd2 Kf8 40. Rc1 Rd7+ 41. Ke3 Ke7 42. Rc5 Ra7 43. Bc2 Kd7 44. Be4 Ke7 45. Rb5 Kf8 46. Rb8+ Ke7 47. Rb7+ Rxb7 48. Bxb7 1-0